| 000 | 00614nam a22002177a 4500 | ||
|---|---|---|---|
| 003 | BUBTL | ||
| 008 | 221220b ||||| |||| 00| 0 eng d | ||
| 020 | _a8176494453 | ||
| 082 | _a821.3/ R5411f/ 2003 | ||
| 100 |
_95101 _aRoberts, Gareth |
||
| 245 |
_aThe Faerie Queene : _bGareth Roberts |
||
| 250 | _a1st Edn. | ||
| 260 |
_aNew Delhi _bViva Books Private Limited _cc2003 |
||
| 300 |
_a[vii],135p. : _b21 cm |
||
| 500 | _aIncludes Index. | ||
| 650 | 0 |
_91994 _aEnglish Literature |
|
| 700 |
_95101 _aRoberts, Gareth |
||
| 856 |
_k0 _l0 _yDownload |
||
| 942 |
_2ddc _cBK |
||
| 999 |
_c6889 _d6889 |
||